书目信息 |
| 题名: |
市场经济控制论
|
|
| 作者: | 汤兵勇 编著 | |
| 分册: | ||
| 出版信息: | 北京 中国环境科学出版社 |
|
| 页数: | ||
| 开本: | ||
| 丛书名: | ||
| 单 册: | ||
| 中图分类: | F224.11 | |
| 科图分类: | ||
| 主题词: | 经济--计算 , 经济数学--方法 | |
| 电子资源: | ||
| ISBN: | 7-80135-262-9 | |
| 000 | 00558nam0 2200193 45 | |
| 001 | 0007191670 | |
| 005 | 20001125094019.4 | |
| 010 | @a7-80135-262-9@d16.00元 | |
| 100 | @a20000719d km y0chiy0120 ea | |
| 101 | 0 | @achi |
| 105 | @a z 000yy | |
| 200 | 1 | @a市场经济控制论@AShi Chang Jing Ji Kong Zhi Lun@f汤兵勇编著@FTang Bing Yong Bian Zhu |
| 210 | @a北京@c中国环境科学出版社 | |
| 606 | 0 | @a经济@x计算 |
| 606 | 0 | @a经济数学@x方法 |
| 690 | @aF224.11@v3 | |
| 701 | 0 | @a汤兵勇@4编著 |
| 801 | @aCN@bPftUser@c20000719 | |
| 905 | @dF224.11@eT907@b503022-026@f5 | |
| 市场经济控制论/汤兵勇编著.-北京:中国环境科学出版社 |
| ISBN 7-80135-262-9:16.00元 |
| ● |
| 相关链接 |
|
|
|
正题名:市场经济控制论
索取号:F224.11/T907
 
预约/预借
| 序号 | 登录号 | 条形码 | 馆藏地/架位号 | 状态 | 备注 |
| 1 | 503022 | 205030223 | 社科库409/409社科库 73排2列1层/ [索取号:F224.11/T907] | 在馆 | |
| 2 | 503023 | 205030232 | 社科二线422/409社科库 73排2列1层/ [索取号:F224.11/T907] | 在馆 | |
| 3 | 503024 | 205030241 | 社科二线422/409社科库 73排2列1层/ [索取号:F224.11/T907] | 在馆 | |
| 4 | 503025 | 205030250 | 社科二线400B/400B社科库 31排1列3层/ [索取号:F224.11/T907] | 在馆 | |
| 5 | 503026 | 205030269 | 社科二线422/409社科库 73排2列1层/ [索取号:F224.11/T907] | 在馆 |